000
00288nam a2200097Ia 4500
008
220120s9999||||xx |||||||||||||| ||und||
100
_a
Divya, A.K
245
0
_a
Speech security for electrical lineman
260
_a
Coorg Institute of Technology
_b
Ponnampet
_c
2006
650
_a
COMPUTER SCIENCE
999
_c
137645
_d
137645